00542nam a2200193 a 450000100060000000300080000600500170001400800410003103500190007204000270009104100080011808200250012610000240015124500450017526000540022030000320027450000190030665000230032556068BD-RjUL20211209080341.0161126m19581951enka 001 0 eng c a(BD-RjUL)56192 aKSUcKSUdBD-RjULbeng aeng04a910.02223bSTP 19581 aStrahler, Arthur N.00aPhysical geography /cArthur N. Strahler aLondon :bJon Wiley & sons,c1951,[Printing 1958] aix, 442 p. :bill ;c29 cm. aincludes index 0aPhysical geography